Estudio Mercado- financiero del Edificio Corporativo Plaza Centroamérica

Presenta el estudio de mercado como la demanda, oferta, precios y comercialización del edificio en su etapa de funcionamiento, además de realizar una evaluación de indicadores financieros del proyecto e indicadores de impactos y objetivos a nivel de evaluación Ex-post.

Bibliographic Details
Main Authors: Rodríguez Ortíz, Saraí Emelina, Chávez Rocha, Lorna América
Other Authors: Tutor: Estrada Gutiérrez, Noel Antonio
Format: Tesis Section = Libro
Language:Undetermined
Spanish
Published: Managua UNI 2018
Subjects:
LEADER 01157nam a2200277Ia 4500
008 240830s9999 xx 000 0 und d
040 |a BIBLIOTECA-RUSB/ M.Mon 658.83 R696 
041 |a spa 
082 |a M.Mon 658.83 R696 
100 1 |a Rodríguez Ortíz, Saraí Emelina 
100 1 |b Chávez Rocha, Lorna América 
245 1 0 |a Estudio Mercado- financiero del Edificio Corporativo Plaza Centroamérica 
260 |a Managua  |b UNI  |c 2018 
300 |a 160 p. :il. 
500 |a Contiene anexos. 
502 |a Tesis (Máster en Gerencia de Proyectos de Desarrollo) - UNI, 2018. 
520 3 |a Presenta el estudio de mercado como la demanda, oferta, precios y comercialización del edificio en su etapa de funcionamiento, además de realizar una evaluación de indicadores financieros del proyecto e indicadores de impactos y objetivos a nivel de evaluación Ex-post. 
650 7 |a INVESTIGAION DE MERCADO 
650 7 |b  ESTUDIO DE MERCADO 
650 7 |c  EVALUACION FINANCIERA 
650 7 |d  INDICADORES FINANCIEROS 
650 7 |e  VENTAS 
700 1 |a Tutor:  |b Estrada Gutiérrez, Noel Antonio 
942 |c BK  |2 ddc 
991 |a TESIS 
999 |c 19512